| 000 | 00849nam a2200229Ia 4500 | ||
|---|---|---|---|
| 001 | 16469 | ||
| 003 | GE_BSU | ||
| 008 | 181216s||||||||xx |||||||||||||| ||und|| | ||
| 020 | _a978-0988842953 | ||
| 040 | _cGE_BSU | ||
| 080 | _a004.45 | ||
| 100 | _aLassoff, Makr | ||
| 245 | _aJavascript for Beginners | ||
| 260 | _aUSA | ||
| 260 | _bLearnToProgram.tv | ||
| 260 | _c2013 | ||
| 300 | _a292 pages,23cm. | ||
| 541 | _h74gel. | ||
| 653 | _aHave you wanted to learn how to program? Have you wanted to improve your web site, or your web site development skills? Do you know some HTML and want to take the next steps? Are you a graphic or web designer who wants to be more employable? These days competent programmers have identified Javascrip | ||
| 653 | _aკომპიუტერული ტექნოლოგიები | ||
| 942 | _cBK | ||
| 999 |
_c49540 _d49540 |
||